Canadian towns: guess the province - Statistics

General Stats
  • This quiz has been taken 73 times
  • The average score is 8 of 13
Answer Stats
Hint Answer % Correct
Trois-Rivières Quebec
95%
Labrador City Newfoundland and Labrador
80%
Igloolik Nunavut
78%
Whitehorse Yukon
75%
Charlottetown Prince Edward Island
69%
Guelph Ontario
62%
Behchokǫ̀ Northwest Territories
60%
Medicine Hat Alberta
58%
New Glasgow Nova Scotia
58%
Salmon Arm British Columbia
51%
Saint John New Brunswick
49%
Moose Jaw Saskatchewan
47%
Flin Flon Manitoba
44%
No matching quizzes found
Score Distribution
Percent of People with Each Score
Percentile by Number Answered
Your Score History
You have not taken this quiz